00609nam a2200181 a 450000100100000000500170001000800410002702000180006804000250008608200170011110000360012824500540016426000320021830000210025058600240027195201150029599900170041000004205520201002035918.0131112s2002 ck 000 0 spa d a9789584204103 aDO-SdBNPbspacBNPHU axxxxxbxxxxx1 aBryce Echenique, Alfredo96904613aEl huerto de mi amada /cAlfredo Bryce Echenique. aBogotá :bPlaneta,c2002. a286 p. ;c23 cm. aPremio Planeta 2002 001050718MOaGRbGRcHDd2013-11-12iLF1l0oxxxxx xxxxxp42055-10r2020-06-25w2020-06-25y1ZNo se presta c41544d41544